000
00205 a2200097 4500
001
18265
100
_a
Baynes, J.F
245
_a
Soldier in modern society
260
_a
_b
Methuen
_c
090
_c
13559
_d
13559
942
_a
NUST-CAE
_c
M
_c
3957
999
_c
253338
_d
253338